000 00754nam a2200289Ia 4500
005 20260324122030.0
008 008 260324s9999 xx 000 0 eng d
020 _a9781315373195
037 _aEBOOK
040 _aCRL
040 _beng
040 _cCRL
041 _2eng
041 _aeng
084 _qCRL
100 _aTiffany Pham; David K. Pham; Andrew Pham
_91164846
245 0 _aFrom Business Strategy to Information Technology Roadmap
245 2 _bA Practical Guide for Executives and Board Members
260 _bTaylor and Francis
260 _c2013
365 _a
365 _b67.99
856 _uhttp://www.taylorfrancis.com/books/9781315373195
942 _cEBOOK
999 _c1757299
_d1757299